000 00572nam a2200157 i 4500
001 70249
003 ES-MaACL
005 20230906170750.0
007 t|
008 040721s1964 sp ||||1| spa d
100 1 _aGarcía Rámila, Ismael.
_955150
245 1 0 _aEstudio histórico documental sobre actos, funciones, normas laborales y económicas acaecidos en el transcurso de los siglos XVI y XVII /
_cIsmael García Rámila.
260 _a[Burgos :
_bs.n.,
_c1964] (
_fImp. Diputación provincial)
300 _a398 p. ;
_c22 cm.
852 _aES-MaACL
_jC-27134
_bR.56057
999 _c70249
_d70249